000 00840nam a2200253 i 4500
001 183003
003 ES-MaACL
005 20231028205221.0
008 140113s2012 sp a | |||||||| |aspa d
020 _a978-84-939645-4-2
080 _a821.134.2-94"19"
080 _a929 Castellón, Alfredo
100 1 _aCastellón, Alfredo.
_936570
245 1 3 _aEl ruido de la memoria /
_cAlfredo Castellón ; edición al cuidado de Javier Cinca y Juan Mª Marín.
260 _aZaragoza :
_bSTI,
_c2012.
300 _a205 p. :
_bil. ;
_c21 cm.
490 1 _aOpera omnia ;
_v03
700 1 _aCinca, Javier (
_d1955-)
_9154121
700 1 _aMarín, Juan María.
_9154122
830 0 _aOpera omnia ;
_v03
_9187581
852 _aES-MaACL
_jA-12966
_9189936
_bR.149723
_cDEPO1
_dOlim: N-5966
942 _2udc
_cMONOGRAFIA
999 _c183003
_d183003